| 000 | 01454cam a22003135a 4500 | ||
|---|---|---|---|
| 999 |
_c20605 _d20577 |
||
| 001 | 2190194 | ||
| 003 | EG-ScBUE | ||
| 005 | 20200209110744.0 | ||
| 008 | 730222s2013 enk f b 001 0 eng d | ||
| 020 | _a0582484227 | ||
| 020 | _a9780582484221 | ||
| 040 |
_aDLC _beng _erda _cDLC _dEG-ScBUE _dEG-ScBUE |
||
| 082 | 0 | 4 |
_a801.950904 _bTWE _222 |
| 245 | 1 | 0 |
_a20th century literary criticism : _ba reader / _cedited by David Lodge. |
| 246 | 3 |
_aTwentieth century literary criticism : _ba reader |
|
| 264 | 1 |
_aMilton Park, Abingdon, Oxon ; _aNew York : _bRoutledge, Taylor and Francis Group, _c2013. |
|
| 300 |
_axx, 683 pages ; _c24 cm |
||
| 336 |
_2rdacontent _atext _btxt |
||
| 337 |
_2rdamedia _aunmediated _bn |
||
| 338 |
_2rdacarrier _avolume _bnc |
||
| 500 | _aOriginally Published by : Pearson Education Limited, 1972. | ||
| 504 | _aIncludes bibliographical references and index. | ||
| 520 | _aTwentieth-Century Literary Criticism is an anthology of key representative works by fifty leading modern literary critics writing before the structuralist revolution. The critics collected together in this volume have been drawn from England, America and Europe, and each essay has been prefaced by an editor's introduction. | ||
| 650 | 7 |
_aLiterature _xHistory and criticism. _2BUEsh _930809 |
|
| 653 |
_cAugust2015 _cNovember2015 _bHHUUEENN |
||
| 655 | _vReading book | ||
| 700 | 1 |
_aLodge, David, _d1935- _eeditor. _95272 |
|
| 942 |
_2ddc _k801.950904 TWE _cBB |
||